000 00915nam a22002771 4500
001 29385
003 BD-RjUL
005 20211209051416.0
008 140403r19621959ctua b 000 0 eng
035 _a(BD-RjUL)29470
040 _aDLC
_cDLC
_dDLC
_dBD-RjUL
_beng
041 _aeng
082 0 0 _a155.232
_219
_bPER 1962
245 0 0 _aPersonality and persuasibility /
_cIrving L. Janis [...et all].
260 _aNew Haven :
_bYale University Press,
_cc1959 [Reprinted 1962].
300 _axiv, 333 p. :
_bill., diagrs., tables. ;
_c23 cm.
504 _aBibliography: p. 325-333.
650 0 _aPersuasion (Psychology)
_97285
650 0 _aPersonality.
_989613
650 0 _aChange (Psychology)
_942030
700 1 _aJanis, Irving L.
_q(Irving Lester),
_d1918-1990.
_989614
942 _2ddc
_cBK
999 _c29385
_d29385